[Event "Dallas UTD Spring op"]
[Site "Dallas"]
[Date "2014.03.13"]
[Round "9"]
[White "Liu, Bovey"]
[Black "Moon, Ryan Joseph"]
[Result "0-1"]
[WhiteElo "2003"]
[BlackElo "2126"]
[PlyCount "74"]
[EventDate "2014.03.08"]
[EventType "swiss"]
[EventRounds "9"]
[EventCountry "USA"]
[SourceTitle "CBM 159 Extra"]
[Source "ChessBase"]
[SourceDate "2014.04.24"]
[SourceVersion "1"]
[SourceVersionDate "2014.04.24"]
[SourceQuality "1"]

1. e4 c5 2. Nf3 d6 3. Bb5+ Bd7 4. Bxd7+ Qxd7 5. c4 Nf6 6. Nc3 g6 7. d4 cxd4 8. Nxd4 Nc6 9. f3 Bg7 10. Nde2 0-0 11. 0-0 Rfd8 12. Bg5 a6 13. a4 Qc7 14. b3 Na5 15. Kh1 Qc5 16. Bh4 b6 17. Rb1 Nb7 18. Bf2 Qc7 19. Qd2 Nc5 20. Rfd1 Rac8 21. g4 e6 22. Kg2 Rd7 23. Qe3 Rdd8 24. Bh4 Rd7 25. Bg5 Rf8 26. Rg1 Ne8 27. h4 f6 28. Bf4 Rdf7 29. Kh1 f5 30. gxf5 gxf5 31. e5 Kh8 32. exd6 Qd8 33. Qf2 Nd3 34. Qg3 e5 35. Bg5 Qxd6 36. Rbd1 e4 37. Bf4 Qc5 0-1

[Event "Dallas UTD Spring op"]
[Site "Dallas"]
[Date "2014.03.12"]
[Round "7"]
[White "Moon, Ryan Joseph"]
[Black "Patel, Advait"]
[Result "0-1"]
[WhiteElo "2126"]
[BlackElo "2051"]
[PlyCount "87"]
[EventDate "2014.03.08"]
[EventType "swiss"]
[EventRounds "9"]
[EventCountry "USA"]
[SourceTitle "CBM 159 Extra"]
[Source "ChessBase"]
[SourceDate "2014.04.24"]
[SourceVersion "1"]
[SourceVersionDate "2014.04.24"]
[SourceQuality "1"]

1. d4 Nf6 2. c4 g6 3. Nf3 Bg7 4. g3 0-0 5. Bg2 d6 6. 0-0 c6 7. Nc3 Qa5 8. h3 Be6 9. Qd3 Qa6 10. b3 d5 11. Ne5 Rd8 12. Bb2 dxc4 13. Nxc4 Nbd7 14. Ne5 Qa5 15. Nxd7 Rxd7 16. Na4 Rad8 17. Nc5 Bf5 18. Qc4 Rc7 19. e4 Bc8 20. a4 Qb6 21. Rfd1 a5 22. Bc1 Bd7 23. Bf4 Rcc8 24. Be3 Be8 25. Rac1 Qa7 26. Nd3 b6 27. Ne5 Qb7 28. Qe2 Nd7 29. Nc4 Qa6 30. e5 Nf8 31. d5 b5 32. Nb6 Rb8 33. dxc6 Rxd1+ 34. Rxd1 Rxb6 35. Bxb6 Qxb6 36. axb5 Ne6 37. Qe3 Qxb5 38. Rc1 Bxe5 39. Qa7 Kf8 40. Qb7 Qe2 41. c7 Nxc7 42. Rxc7 Bxc7 43. Qxc7 Qe1+ 44. Kh2 0-1

[Event "Dallas UTD Spring op"]
[Site "Dallas"]
[Date "2014.03.10"]
[Round "5"]
[White "Moon, Ryan Joseph"]
[Black "Gorovets, Andrey"]
[Result "1/2-1/2"]
[WhiteElo "2126"]
[BlackElo "2488"]
[PlyCount "91"]
[EventDate "2014.03.08"]
[EventType "swiss"]
[EventRounds "9"]
[EventCountry "USA"]
[SourceTitle "CBM 159 Extra"]
[Source "ChessBase"]
[SourceDate "2014.04.24"]
[SourceVersion "1"]
[SourceVersionDate "2014.04.24"]
[SourceQuality "1"]

1. d4 d5 2. c4 e6 3. Nf3 a6 4. g3 dxc4 5. Bg2 Nc6 6. 0-0 Rb8 7. Nc3 Nf6 8. e4 Be7 9. d5 exd5 10. exd5 Nb4 11. Ne5 Nd3 12. Nxd3 cxd3 13. Qxd3 0-0 14. Bf4 Bd6 15. Bxd6 Qxd6 16. Rfd1 Bg4 17. Rd2 Rbe8 18. Rc1 Re7 19. h3 Bc8 20. Re2 Rfe8 21. Rxe7 Rxe7 22. Qc4 h5 23. b4 Bf5 24. a4 Nd7 25. Qh4 Bg6 26. Qd4 Ne5 27. b5 a5 28. b6 Qxb6 29. Qxb6 cxb6 30. d6 Rd7 31. Nb5 Bd3 32. Rc8+ Kh7 33. f4 Ng6 34. Rc7 Bxb5 35. axb5 Rxd6 36. Rxb7 h4 37. Be4 hxg3 38. Kg2 Re6 39. Bb1 Rf6 40. Kxg3 Kh6 41. Rb8 Rd6 42. h4 Rd1 43. Be4 Rd4 44. Bxg6 Kxg6 45. Rxb6+ f6 46. Kg4 1/2-1/2

[Event "Dallas UTD-B"]
[Site "Dallas"]
[Date "2013.11.25"]
[Round "7"]
[White "Gater, Daniel"]
[Black "Moon, Ryan Joseph"]
[Result "1-0"]
[WhiteElo "2115"]
[BlackElo "2149"]
[PlyCount "59"]
[EventDate "2013.11.21"]
[EventType "tourn"]
[EventRounds "9"]
[EventCountry "USA"]
[EventCategory "2"]
[SourceTitle "CBM 157 Extra"]
[Source "ChessBase"]
[SourceDate "2013.12.19"]
[SourceVersion "1"]
[SourceVersionDate "2013.12.19"]
[SourceQuality "1"]

1. e4 c5 2. Nf3 d6 3. d4 cxd4 4. Nxd4 Nf6 5. Nc3 g6 6. Be3 Bg7 7. f3 0-0 8. Qd2 Nc6 9. Bc4 Bd7 10. 0-0-0 Rc8 11. Bb3 Ne5 12. Kb1 Re8 13. h4 h5 14. g4 hxg4 15. h5 Nxh5 16. Bh6 e6 17. Rdg1 Qf6 18. fxg4 Bxh6 19. Qxh6 Qg7 20. Qd2 Nf6 21. g5 Nh5 22. Nce2 Nc4 23. Bxc4 Rxc4 24. b3 Rc5 25. Ng3 Nxg3 26. Rxg3 Kf8 27. Nf5 exf5 28. Qxd6+ Kg8 29. Rgh3 Rce5 30. Qf6 1-0

[Event "Dallas UTD-B"]
[Site "Dallas"]
[Date "2013.11.24"]
[Round "5"]
[White "Danelia, Mariam"]
[Black "Moon, Ryan Joseph"]
[Result "1-0"]
[WhiteElo "2219"]
[BlackElo "2149"]
[PlyCount "47"]
[EventDate "2013.11.21"]
[EventType "tourn"]
[EventRounds "9"]
[EventCountry "USA"]
[EventCategory "2"]
[SourceTitle "CBM 157 Extra"]
[Source "ChessBase"]
[SourceDate "2013.12.19"]
[SourceVersion "1"]
[SourceVersionDate "2013.12.19"]
[SourceQuality "1"]

1. d4 d5 2. c4 e6 3. Nf3 Nf6 4. Nc3 Be7 5. Bf4 0-0 6. e3 c5 7. dxc5 Bxc5 8. Qc2 Nc6 9. Rd1 Qa5 10. Be2 Be7 11. 0-0 dxc4 12. Bxc4 e5 13. Bg3 Bg4 14. h3 Bh5 15. Nd5 Bd8 16. a3 Bg6 17. Qb3 e4 18. Qxb7 exf3 19. Qxa8 fxg2 20. Rfe1 Qc5 21. Ba2 Be4 22. Rc1 Bb6 23. Qxc6 Qxc6 24. Ne7+ 1-0

[Event "Dallas UTD-B"]
[Site "Dallas"]
[Date "2013.11.23"]
[Round "3"]
[White "Labedz, Patrycja"]
[Black "Moon, Ryan Joseph"]
[Result "0-1"]
[WhiteElo "2102"]
[BlackElo "2149"]
[PlyCount "82"]
[EventDate "2013.11.21"]
[EventType "tourn"]
[EventRounds "9"]
[EventCountry "USA"]
[EventCategory "2"]
[SourceTitle "CBM 157 Extra"]
[Source "ChessBase"]
[SourceDate "2013.12.19"]
[SourceVersion "1"]
[SourceVersionDate "2013.12.19"]
[SourceQuality "1"]

1. e4 c5 2. Nf3 d6 3. d4 cxd4 4. Nxd4 Nf6 5. Nc3 g6 6. f4 Nc6 7. Nf3 Bg7 8. Bd3 0-0 9. 0-0 Qb6+ 10. Kh1 Bg4 11. Qe1 Rac8 12. Qh4 Bxf3 13. Rxf3 Qa5 14. Bd2 Qh5 15. Qe1 Nd4 16. Rh3 Qc5 17. Qh4 Qh5 18. Qg3 Qc5 19. Rf1 h5 20. Rh4 e6 21. Qe1 Rfe8 22. h3 b5 23. b4 Qxb4 24. e5 Nd7 25. Nxb5 Qc5 26. Nxd6 Nxc2 27. Qc1 Red8 28. Nxc8 Rxc8 29. Rd1 Qf2 30. Be1 Nxe1 31. Qxc8+ Nf8 32. Be4 Qxh4 33. Qc3 Qxf4 34. Qxe1 Bxe5 35. Kg1 Kg7 36. Bf3 Nh7 37. Qd2 Qg3 38. Re1 Ng5 39. Bc6 Nxh3+ 40. Kf1 Bc3 41. Re3 Qf4+ 0-1

[Event "USA tt"]
[Site "ICC INT"]
[Date "2013.10.16"]
[Round "8"]
[White "Moon, Ryan Joseph"]
[Black "Cunningham, Robin J"]
[Result "1/2-1/2"]
[WhiteElo "2149"]
[BlackElo "2266"]
[PlyCount "54"]
[EventDate "2013.08.27"]
[EventType "team-tourn"]
[EventRounds "10"]
[EventCountry "USA"]
[SourceTitle "EXT 2014"]
[Source "ChessBase"]
[SourceDate "2013.11.20"]
[SourceVersion "1"]
[SourceVersionDate "2013.11.20"]
[SourceQuality "1"]
[WhiteTeam "Dallas"]
[BlackTeam "Carolina"]
[WhiteTeamCountry "USA"]
[BlackTeamCountry "USA"]

1. d4 f5 2. c4 Nf6 3. Nf3 g6 4. g3 Bg7 5. Bg2 0-0 6. 0-0 d6 7. Nc3 Nc6 8. Qb3 Na5 9. Qa4 c5 10. dxc5 Bd7 11. Qc2 dxc5 12. Rd1 Qe8 13. Nd5 Nxd5 14. cxd5 Ba4 15. b3 Bxa1 16. Bh6 Bg7 17. Bxg7 Kxg7 18. bxa4 Rf6 19. Qxc5 b6 20. Qd4 Rc8 21. Ng5 Kg8 22. Qh4 h5 23. e4 Qxa4 24. Re1 Qb4 25. Rd1 Qa4 26. Re1 Qb4 27. Rd1 Qa4 1/2-1/2

[Event "USA tt"]
[Site "ICC INT"]
[Date "2013.10.03"]
[Round "6"]
[White "Moon, Ryan Joseph"]
[Black "Omori, Michael"]
[Result "1/2-1/2"]
[WhiteElo "2149"]
[BlackElo "2191"]
[PlyCount "136"]
[EventDate "2013.08.27"]
[EventType "team-tourn"]
[EventRounds "10"]
[EventCountry "USA"]
[SourceTitle "CBM 156 Extra"]
[Source "ChessBase"]
[SourceDate "2013.10.22"]
[SourceVersion "1"]
[SourceVersionDate "2013.10.22"]
[SourceQuality "1"]
[WhiteTeam "Dallas"]
[BlackTeam "Seattle"]
[WhiteTeamCountry "USA"]
[BlackTeamCountry "USA"]

1. d4 Nf6 2. c4 g6 3. Nf3 Bg7 4. g3 0-0 5. Bg2 d6 6. 0-0 Nc6 7. Nc3 a6 8. b3 Rb8 9. Nd5 b5 10. Nxf6+ Bxf6 11. cxb5 Rxb5 12. Bb2 Bd7 13. Rc1 a5 14. e3 a4 15. Nd2 Na5 16. b4 Rxb4 17. Bc3 Rb5 18. Qxa4 c5 19. Ne4 Bg7 20. dxc5 Rxc5 21. Qb4 Bxc3 22. Rxc3 Nc6 23. Qb7 Rxc3 24. Nxc3 Qc8 25. Rb1 Kg7 26. Nd5 Qxb7 27. Rxb7 Rd8 28. Rc7 e6 29. Nb6 Nb8 30. Bb7 Kf6 31. a4 d5 32. Nxd7+ Nxd7 33. a5 Ke5 34. a6 Nb6 35. a7 f6 36. Rc6 Na8 37. Rc8 Rd7 38. Bxa8 Rxa7 39. Bc6 Ke4 40. Re8 Kf3 41. Bb5 e5 42. Rd8 Ra2 43. Rxd5 Rxf2 44. Bc6 e4 45. Rd1 Rg2+ 46. Kh1 f5 47. Rf1+ Rf2 48. Kg1 Rxf1+ 49. Kxf1 Kxe3 50. Bd5 Kf3 51. Bg8 f4 52. gxf4 Kxf4 53. Bxh7 g5 54. Kg2 g4 55. Bg6 e3 56. Bd3 Kg5 57. Kg3 Kh6 58. Kxg4 Kg7 59. h4 Kh8 60. Kg5 Kg7 61. h5 Kh8 62. Kh6 Kg8 63. Be2 Kh8 64. Kg6 Kg8 65. Kf6 Kh7 66. Kf7 Kh8 67. Kf8 Kh7 68. Kf7 Kh8 1/2-1/2

[Event "Foxwoods op"]
[Site "Ledyard"]
[Date "2009.04.10"]
[Round "4"]
[White "Kraiouchkine, Nikita"]
[Black "Moon, Ryan Joseph"]
[Result "1/2-1/2"]
[WhiteElo "2081"]
[BlackElo "2228"]
[PlyCount "77"]
[EventDate "2009.04.08"]
[EventType "swiss"]
[EventRounds "9"]
[EventCountry "USA"]
[SourceTitle "CBM 129 Extra"]
[Source "ChessBase"]
[SourceDate "2009.05.05"]
[SourceVersion "2"]
[SourceVersionDate "2009.05.20"]
[SourceQuality "1"]

1. e4 c5 2. Nf3 d6 3. d4 cxd4 4. Nxd4 Nf6 5. Nc3 g6 6. Be3 Bg7 7. f3 0-0 8. Qd2 Nc6 9. 0-0-0 d5 10. Kb1 Nxd4 11. e5 Nd7 12. Bxd4 Nxe5 13. Qe3 Nc6 14. Bxg7 Kxg7 15. Rxd5 Qc7 16. h4 Be6 17. Rc5 b6 18. Rb5 Qd6 19. h5 Qd4 20. Qc1 Kg8 21. Bd3 Rac8 22. Ne2 Qf6 23. Qe3 Rfd8 24. Nf4 Qd4 25. Qxd4 Nxd4 26. Re5 Rd6 27. hxg6 hxg6 28. Rhe1 Nc6 29. R5e3 Bd7 30. Ba6 Rd8 31. Rd3 Bf5 32. Rxd6 Rxd6 33. Bd3 Bxd3 34. Nxd3 e5 35. b3 Re6 36. c3 Kg7 37. Kc2 f5 38. b4 Kf6 39. Nf2 1/2-1/2